Εντεχνος χορός διατάσεις και ενδυνάμωση

Αποθηκεύτηκε σε:
Λεπτομέρειες βιβλιογραφικής εγγραφής
Κύριος συγγραφέας: Καλαμπουκά-Παπαποστόλου, Βάσω
Μορφή: Βιβλίο
Γλώσσα:Greek
Δημοσίευση: Θεσσαλονίκη : Salto, 1994
Θέματα:
Ετικέτες: Προσθήκη ετικέτας
Δεν υπάρχουν, Καταχωρήστε ετικέτα πρώτοι!

MARC

LEADER 00000nam a2200000 i 4500
001 1/83154
008 960904s1994 gre d
020 |a 960-278-058-4 
035 |l 10034122 
040 |a GR-MY-UA  |b gre  |e aacr 
041 0 |a gre 
082 0 |a 792.8 
100 1 |a Καλαμπουκά-Παπαποστόλου, Βάσω. 
245 1 0 |a Εντεχνος χορός διατάσεις και ενδυνάμωση /  |c Βάσω Καλαμπουκά-Παπαποστόλου 
260 |a Θεσσαλονίκη :   |b Salto,   |c 1994 
300 |a 111 σ.  |b εικ. 
504 |a Περιλαμβάνει βιβλιογραφία 
650 0 0 |a Ballet dancing. 
650 0 0 |a Dance. 
650 0 0 |a Exercise. 
852 |a INST  |b RHODES  |e 19960904  |h 792.8 ΚΑΛ  |p 005400007069  |q 005400007069  |t BK  |y 0 
852 |a INST  |b RHODES  |e 20000418  |h 792.8 ΚΑΛ  |p 005400013595  |q 005400013595  |t BK  |y 0 
909 |a Ρ  |b 040598 
909 |a Ρ  |b 072392 
922 |a 4ΕΛΗ  |b 199504  |c ΜΙΚΙΟΖΟΣ 
922 |a 4ΕΛΗ  |b 199912  |c ΜΙΚΙΟΖΟΣ 
970 |a ΧΟΡΟΖΙΔΟΥ  |b ΤΖΕΝΗ  |z 1999/11/23